[Event "BL 2324 SC Ötigheim - SC Remagen Sinzig"]
[Site "?"]
[Date "2023.12.03"]
[Round "4.5"]
[White "Jaracz, Pawel"]
[Black "Van den Doel, Erik"]
[Result "1/2-1/2"]
[WhiteElo "2473"]
[BlackElo "2553"]
[PlyCount "42"]
[EventDate "2023.??.??"]

1. e4 e5 2. Nf3 Nc6 3. Bb5 a6 4. Ba4 Nf6 5. O-O Be7 6. d3 b5 7. Bb3 d6 8. c3 O-O 9. h3 Bb7 10. Re1 Nb8 11. Nbd2 Nbd7 12. Nf1 Re8 13. Ng3 Bf8 14. Bc2 d5 15. exd5 Bxd5 16. Ne4 c5 17. Bg5 h6 18. Bh4 Be7 19. Bg3 Bf8 20. Bh4 Be7 21. Bg3 Bf8 1/2-1/2

[Event "BL 2324 SC Ötigheim - SC Remagen Sinzig"]
[Site "?"]
[Date "2023.12.03"]
[Round "4.6"]
[White "Laurent-Paoli, Pierre"]
[Black "Vandenbussche, Thibaut"]
[Result "1-0"]
[WhiteElo "2524"]
[BlackElo "2427"]
[PlyCount "126"]
[EventDate "2023.??.??"]

1. d4 d5 2. c4 e6 3. Nf3 c5 4. cxd5 exd5 5. Bg5 Qa5+ 6. Qd2 Qxd2+ 7. Nbxd2 Nc6 8. dxc5 Bxc5 9. Rc1 Be7 10. Bxe7 Ngxe7 11. e3 O-O 12. Bb5 a6 13. Bxc6 Nxc6 14. Nb3 Nb4 15. Kd2 Nxa2 16. Rc7 Nb4 17. Rhc1 Bf5 18. Nfd4 Bg6 19. Nc5 b6 20. Nd7 Rfe8 21. Nxb6 Rad8 22. R1c3 h6 23. Na4 Rb8 24. Nc5 Na2 25. Rb3 Rxb3 26. Ndxb3 Rb8 27. Rb7 Rc8 28. Rb6 a5 29. Rb5 a4 30. Nd4 Ra8 31. Nd7 Kh7 32. Rb8 Rxb8 33. Nxb8 Nb4 34. Nd7 Kg8 35. Nc5 Kf8 36. Nxa4 Ke7 37. f3 Kd6 38. Nc3 Kc5 39. Na4+ Kd6 40. Nc3 Kc5 41. Nce2 Bd3 42. Nc1 Bf1 43. Kc3 Na6 44. g3 g6 45. Ncb3+ Kb6 46. Nd2 Bh3 47. b4 Bd7 48. N2b3 Ba4 49. Nc1 Bb5 50. Nxb5 Kxb5 51. Nd3 g5 52. Kd4 Nc7 53. Ne5 f5 54. Nf7 Kc6 55. Ke5 Na6 56. Nxh6 Nxb4 57. Kxf5 Nc2 58. Ng4 d4 59. exd4 Nxd4+ 60. Ke4 Ne2 61. Ne5+ Kc5 62. Nf7 Nc3+ 63. Kf5 Kd5 {Ke4+} 1-0

[Event "BL 2324 SC Ötigheim - SC Remagen Sinzig"]
[Site "?"]
[Date "2023.12.03"]
[Round "4.7"]
[White "Geirnaert, Steven"]
[Black "Riehle, Marco"]
[Result "1-0"]
[WhiteElo "2433"]
[BlackElo "2368"]
[PlyCount "61"]
[EventDate "2023.??.??"]

1. d4 d5 2. c4 e6 3. Nc3 Nf6 4. cxd5 Nxd5 5. e4 Nxc3 6. bxc3 c5 7. Nf3 cxd4 8. cxd4 Bb4+ 9. Bd2 Bxd2+ 10. Qxd2 O-O 11. Bc4 Nd7 12. O-O b6 13. Rad1 Bb7 14. Rfe1 Re8 15. Qf4 Rc8 16. Bb5 a6 17. Ne5 Nf6 18. Bxe8 Qxe8 19. f3 Qa4 20. Rd2 a5 21. Qe3 Qb4 22. a3 Qd6 23. Nxf7 Kxf7 24. e5 Qd5 25. exf6 gxf6 26. Qh6 Qf5 27. Rb2 Rg8 28. Rc1 Qd3 29. Rd2 Qxf3 30. Qxh7+ Kf8 31. Qxg8+ 1-0

[Event "BL 2324 SC Ötigheim - SC Remagen Sinzig"]
[Site "?"]
[Date "2023.12.03"]
[Round "4.8"]
[White "Lai, Hing Ting"]
[Black "Mainka, Romuald"]
[Result "1-0"]
[WhiteElo "2473"]
[BlackElo "2364"]
[PlyCount "99"]
[EventDate "2023.??.??"]

1. d4 d5 2. c4 e6 3. Nc3 h6 4. Nf3 Nf6 5. g3 Bd6 6. Bg2 O-O 7. O-O Nc6 8. c5 Be7 9. a3 Ne4 10. Qd3 f5 11. b4 a6 12. Bb2 Bf6 13. e3 Bd7 14. Ne2 a5 15. Qb3 Qe8 16. Rfc1 Nd8 17. Nf4 Ba4 18. Qa2 Bb5 19. a4 Bc4 20. Rxc4 dxc4 21. b5 c3 22. Ba3 c6 23. b6 Kh7 24. Ne5 Bxe5 25. dxe5 g5 26. Ne2 Nf7 27. f3 Rd8 28. fxe4 Nxe5 29. Nd4 f4 30. Nxe6 f3 31. Nxd8 Qxd8 32. Bh3 Qd3 33. Bf5+ Rxf5 34. exf5 c2 35. Rf1 Qe2 36. Rf2 Qe1+ 37. Rf1 Qxe3+ 38. Rf2 Qe1+ 39. Rf1 Qe3+ 40. Rf2 c1=Q+ 41. Bxc1 Qxc1+ 42. Rf1 Qxc5+ 43. Kh1 Qd4 44. Qc2 Qd5 45. f6+ Nd3 46. h3 Qf5 47. Kh2 Qe4 48. Re1 Qxe1 49. Qxd3+ Kh8 50. Qd8+ 1-0

[Event "BL 2324 SK Doppelbauer Turm Kiel - SC Vi"]
[Site "?"]
[Date "2023.12.03"]
[Round "4.1"]
[White "Mamedyarov, Shakhriyar"]
[Black "Cheparinov, Ivan"]
[Result "1-0"]
[WhiteElo "2723"]
[BlackElo "2663"]
[PlyCount "65"]
[EventDate "2023.??.??"]

1. d4 Nf6 2. Bg5 d5 3. e3 c5 4. Bxf6 gxf6 5. Bb5+ Bd7 6. Bxd7+ Qxd7 7. Qh5 Nc6 8. Ne2 cxd4 9. exd4 Nb4 10. Na3 e6 11. Qf3 f5 12. c3 Nc6 13. Nc2 Bd6 14. h3 Ne7 15. O-O-O h5 16. g4 fxg4 17. hxg4 h4 18. Ne1 O-O-O 19. Nd3 Ng6 20. Qe3 Kb8 21. Kb1 Rdg8 22. Rh3 f5 23. gxf5 exf5 24. Nef4 Nxf4 25. Nxf4 Re8 26. Qf3 Re4 27. Nxd5 Qe6 28. c4 Rg8 29. a3 Rgg4 30. Qc3 Rg2 31. Qa5 Qc8 32. Nc3 Bc7 33. Qd5 1-0

[Event "BL 2324 SK Doppelbauer Turm Kiel - SC Vi"]
[Site "?"]
[Date "2023.12.03"]
[Round "4.2"]
[White "Teclaf, Pawel"]
[Black "Maghsoodloo, Parham"]
[Result "0-1"]
[WhiteElo "2568"]
[BlackElo "2742"]
[PlyCount "80"]
[EventDate "2023.??.??"]

1. e4 c5 2. c3 Nf6 3. e5 Nd5 4. Nf3 d6 5. d4 cxd4 6. cxd4 dxe5 7. dxe5 Nc6 8. Bc4 Ndb4 9. O-O Qxd1 10. Rxd1 Bg4 11. Nc3 e6 12. Bf4 Bxf3 13. gxf3 g5 14. Bg3 h5 15. h3 Bg7 16. a3 Nc2 17. Rac1 N2d4 18. Nb5 h4 19. Nxd4 Nxd4 20. Rxd4 hxg3 21. Bb5+ Kf8 22. Re4 gxf2+ 23. Kg2 Rh4 24. Rxh4 gxh4 25. f4 Bh6 26. Kf3 Rd8 27. Be2 b5 28. Rc7 Rd4 29. Rxa7 Rxf4+ 30. Kg2 Rf5 31. Rb7 Be3 32. Bf1 Rxe5 33. Rxb5 Re4 34. b4 Bd4 35. Rh5 f5 36. Rh7 f4 37. b5 Re1 38. Rxh4 e5 39. b6 f3+ 40. Kxf3 Rxf1 0-1

[Event "BL 2324 SK Doppelbauer Turm Kiel - SC Vi"]
[Site "?"]
[Date "2023.12.03"]
[Round "4.3"]
[White "Kryvoruchko, Yuriy"]
[Black "Gumularz, Szymon"]
[Result "1/2-1/2"]
[WhiteElo "2652"]
[BlackElo "2576"]
[PlyCount "70"]
[EventDate "2023.??.??"]

1. e4 e6 2. d4 d5 3. Nc3 Nf6 4. Bg5 dxe4 5. Nxe4 Be7 6. Nxf6+ Bxf6 7. Bxf6 Qxf6 8. Nf3 c5 9. Qd2 O-O 10. O-O-O cxd4 11. Qxd4 Qxd4 12. Nxd4 Bd7 13. Be2 a6 14. Bf3 Ra7 15. Nb3 Rc8 16. Rd6 a5 17. Rhd1 Rc7 18. a4 Kf8 19. Nd4 Ke7 20. Nb5 Bxb5 21. axb5 Rd7 22. Rb6 Rc7 23. Rbd6 Rd7 24. Rb6 Rc7 25. Rxe6+ fxe6 26. b6 Rxc2+ 27. Kxc2 Ra6 28. Ra1 Rxb6 29. Rxa5 Nc6 30. Ra4 Rb5 31. Rc4 Ne5 32. Rc7+ Kd6 33. Rxg7 Nxf3 34. gxf3 Rh5 35. Rxb7 Rxh2 1/2-1/2

[Event "BL 2324 SK Doppelbauer Turm Kiel - SC Vi"]
[Site "?"]
[Date "2023.12.03"]
[Round "4.4"]
[White "Meshkovs, Nikita"]
[Black "Korobov, Anton"]
[Result "1-0"]
[WhiteElo "2528"]
[BlackElo "2672"]
[PlyCount "103"]
[EventDate "2023.??.??"]

1. c4 e5 2. Nc3 Nf6 3. Nf3 Nc6 4. e4 Bb4 5. d3 d6 6. Be2 O-O 7. O-O Ne7 8. Nh4 c6 9. Bg5 Ne8 10. Na4 Ba5 11. d4 exd4 12. Qxd4 Nc7 13. Qd3 Ne6 14. Be3 d5 15. cxd5 cxd5 16. Nf5 Ng6 17. g3 dxe4 18. Qxe4 Bd7 19. Rfd1 Bc6 20. Rxd8 Bxe4 21. Rxf8+ Ngxf8 22. Ne7+ Kh8 23. Rc1 Ng6 24. Rc8+ Rxc8 25. Nxc8 Bc6 26. Nc5 Nxc5 27. Bxc5 a6 28. b4 Bc7 29. f4 Kg8 30. Bc4 Bd7 31. Nd6 Bxd6 32. Bxd6 Nf8 33. Bd5 Bc8 34. a4 g6 35. a5 Ne6 36. Kf2 f5 37. Ke3 Kf7 38. Kd3 Ke8 39. Kc4 Kd8 40. Be5 Ke7 41. Bf3 Kd7 42. h4 h5 43. Bb8 Ke7 44. Kd5 b6 45. Ke5 bxa5 46. bxa5 Nd8 47. Bd6+ Kd7 48. Bf8 Nc6+ 49. Kf6 Bb7 50. Be2 Nxa5 51. Kxg6 Nb3 52. Bxh5 1-0

[Event "BL 2324 SK Doppelbauer Turm Kiel - SC Vi"]
[Site "?"]
[Date "2023.12.03"]
[Round "4.5"]
[White "Amin, Bassem"]
[Black "Thybo, Jesper Sondergaard"]
[Result "1/2-1/2"]
[WhiteElo "2663"]
[BlackElo "2526"]
[PlyCount "46"]
[EventDate "2023.??.??"]

1. Nf3 Nf6 2. g3 c5 3. Bg2 Nc6 4. O-O e5 5. e4 d6 6. d3 g6 7. a3 Bg7 8. Bd2 O-O 9. b4 d5 10. Nc3 dxe4 11. Nxe4 Nxe4 12. dxe4 Nd4 13. bxc5 Bg4 14. Be3 Qa5 15. h3 Bxf3 16. Bxf3 Qxc5 17. Bxd4 exd4 18. Ra2 Rfe8 19. Qb1 Rab8 20. Qb4 b6 21. Rb1 Rbc8 22. a4 Qxb4 23. Rxb4 Rc3 1/2-1/2

[Event "BL 2324 SK Doppelbauer Turm Kiel - SC Vi"]
[Site "?"]
[Date "2023.12.03"]
[Round "4.6"]
[White "Parvanyan, Ashot"]
[Black "Meier, Georg"]
[Result "1-0"]
[WhiteElo "2402"]
[BlackElo "2629"]
[PlyCount "71"]
[EventDate "2023.??.??"]

1. Nf3 Nf6 2. c4 e6 3. g3 b6 4. Bg2 Bb7 5. O-O c5 6. Nc3 Be7 7. Re1 Ne4 8. Nxe4 Bxe4 9. d3 Bb7 10. e4 Nc6 11. d4 cxd4 12. Nxd4 Nxd4 13. Qxd4 O-O 14. Bf4 Qc8 15. b3 Bc6 16. Bd6 Bxd6 17. Qxd6 a5 18. Rad1 Qb7 19. Rd4 Rae8 20. Rd2 f5 21. Qe5 d5 22. exd5 exd5 23. Qxe8 Rxe8 24. Rxe8+ Kf7 25. Rd8 Qe7 26. Bxd5+ Bxd5 27. R8xd5 Kg6 28. Rd6+ Kh5 29. R2d4 g5 30. h3 Qf8 31. Rxb6 f4 32. Kg2 fxg3 33. fxg3 Qg7 34. Rbd6 Qb7+ 35. R4d5 Qg7 36. c5 1-0

[Event "BL 2324 SK Doppelbauer Turm Kiel - SC Vi"]
[Site "?"]
[Date "2023.12.03"]
[Round "4.7"]
[White "Wagner, Dennis"]
[Black "Arndt, Magnus"]
[Result "1-0"]
[WhiteElo "2589"]
[BlackElo "2387"]
[PlyCount "105"]
[EventDate "2023.??.??"]

1. Nf3 Nf6 2. c4 e6 3. Nc3 d5 4. e3 Nbd7 5. Qc2 a6 6. b3 b6 7. cxd5 Nxd5 8. Nxd5 exd5 9. Qc6 Rb8 10. Qxd5 Bb7 11. Qf5 Be7 12. Bb2 O-O 13. Be2 Nc5 14. O-O Bxf3 15. Bxf3 Qxd2 16. Be5 Bd6 17. Bxg7 Kxg7 18. Qg5+ Kh8 19. Qf6+ Kg8 20. Rad1 Qc2 21. Rd4 Rfe8 22. Rg4+ Kf8 23. Rg7 Re7 24. Qg5 Qg6 25. Rxg6 hxg6 26. Qh6+ Kg8 27. Bd5 Ne6 28. Rd1 Nf8 29. g3 Re5 30. Qh4 a5 31. Qc4 Re7 32. Kg2 Nd7 33. Qc2 Kg7 34. h4 b5 35. Qc3+ Nf6 36. Qxa5 b4 37. Bf3 Re5 38. Qa6 Rbb5 39. Rd2 Rbc5 40. Qd3 g5 41. hxg5 Rxg5 42. Rc2 Rxc2 43. Qxc2 Ra5 44. Be2 Kf8 45. e4 Rc5 46. Bc4 Ng4 47. Qd2 Rh5 48. Qe2 Rg5 49. f4 Rg6 50. e5 Bc5 51. Bxf7 Rg7 52. Qb5 Ne3+ 53. Kf3 1-0

[Event "BL 2324 SK Doppelbauer Turm Kiel - SC Vi"]
[Site "?"]
[Date "2023.12.03"]
[Round "4.8"]
[White "Kopylov, Daniel"]
[Black "Braun, Arik"]
[Result "0-1"]
[WhiteElo "2337"]
[BlackElo "2588"]
[PlyCount "90"]
[EventDate "2023.??.??"]

1. d4 d5 2. Nf3 Nf6 3. c4 e6 4. Nc3 a6 5. cxd5 exd5 6. Bg5 Be6 7. e3 Nbd7 8. Bd3 h6 9. Bf4 Be7 10. h3 c6 11. Bh2 Nb6 12. Ne5 Nfd7 13. O-O Nxe5 14. Bxe5 O-O 15. Rc1 Bd6 16. Bxd6 Qxd6 17. Qb3 Qc7 18. Ne2 Rad8 19. Nf4 Rfe8 20. h4 g6 21. h5 g5 22. Nxe6 Rxe6 23. Qd1 Qe7 24. Qg4 Qf6 25. Rc3 Re7 26. f4 Kg7 27. Rf3 Rde8 28. Bf1 Nc8 29. Rg3 Nd6 30. fxg5 hxg5 31. Rc2 Rxe3 32. Qxg5+ Qxg5 33. Rxg5+ Kh6 34. Rg4 Kxh5 35. Rg7 Kh6 36. Rg4 f5 37. Rh4+ Kg5 38. Rh7 R3e7 39. Rh3 Re1 40. Rg3+ Kf6 41. Rh3 Ne4 42. Rf3 Kg5 43. Rh3 Rd1 44. Rd3 Ra1 45. a3 f4 0-1

[Event "BL 2324 Hamburger SK - Schachfreunde Dei"]
[Site "?"]
[Date "2023.12.03"]
[Round "4.1"]
[White "Bluebaum, Matthias"]
[Black "Svane, Rasmus"]
[Result "1/2-1/2"]
[WhiteElo "2670"]
[BlackElo "2628"]
[PlyCount "42"]
[EventDate "2023.??.??"]

1. d4 Nf6 2. Bf4 d5 3. e3 e6 4. h4 c5 5. Nc3 Qa5 6. dxc5 Bd7 7. a3 Qxc5 8. h5 h6 9. Nf3 Bd6 10. Ne5 Qc7 11. Nxd7 Qxd7 12. Bxd6 Qxd6 13. Nb5 Qe7 14. c4 O-O 15. cxd5 exd5 16. Be2 Nc6 17. O-O Qe5 18. Nd4 Nxd4 19. Qxd4 Qxd4 20. exd4 Rfe8 21. Bf3 Rac8 1/2-1/2

[Event "BL 2324 Hamburger SK - Schachfreunde Dei"]
[Site "?"]
[Date "2023.12.03"]
[Round "4.2"]
[White "Svane, Frederik"]
[Black "Kollars, Dmitrij"]
[Result "1/2-1/2"]
[WhiteElo "2639"]
[BlackElo "2633"]
[PlyCount "126"]
[EventDate "2023.??.??"]

1. e4 e5 2. Nf3 Nc6 3. Bb5 a6 4. Ba4 Nf6 5. d3 d6 6. c3 g6 7. O-O Bg7 8. Re1 O-O 9. h3 b5 10. Bc2 a5 11. Be3 Re8 12. Nbd2 a4 13. a3 Bd7 14. d4 Na5 15. Bd3 Rb8 16. Qc2 Qe7 17. dxe5 dxe5 18. c4 bxc4 19. Nxc4 Nb3 20. Rad1 Nh5 21. Bf1 Red8 22. Qc3 c5 23. Ncxe5 Be8 24. Rd5 Nf6 25. Rxd8 Rxd8 26. Bf4 Nd4 27. Qc1 Nd7 28. Nc4 Nxf3+ 29. gxf3 Nf8 30. Bg5 Bf6 31. Bxf6 Qxf6 32. Ne3 Ne6 33. Nd5 Qh4 34. Qc3 Bc6 35. Qf6 Qxf6 36. Nxf6+ Kg7 37. Ng4 Nd4 38. Kg2 Rb8 39. Rc1 f5 40. Ne5 fxe4 41. Nxc6 exf3+ 42. Kg3 Nxc6 43. Rxc5 Nd4 44. Rc4 Nf5+ 45. Kxf3 Rb3+ 46. Kg2 Rxb2 47. Rxa4 Ne3+ 48. Kg1 Nxf1 49. Kxf1 Ra2 50. Kg2 Kf6 51. Rf4+ Ke5 52. Rf3 Ra1 53. Rb3 Kf4 54. Rb4+ Kf5 55. a4 g5 56. h4 h6 57. f3 Kg6 58. Kf2 Ra3 59. Kg3 Kh5 60. Rc4 Ra2 61. Rb4 Ra3 62. Rc4 Ra2 63. Rb4 Ra3 1/2-1/2

[Event "BL 2324 Hamburger SK - Schachfreunde Dei"]
[Site "?"]
[Date "2023.12.03"]
[Round "4.3"]
[White "Kamsky, Gata"]
[Black "Mendonca, Leon Luke"]
[Result "1/2-1/2"]
[WhiteElo "2634"]
[BlackElo "2611"]
[PlyCount "43"]
[EventDate "2023.??.??"]

1. d4 d5 2. c4 c6 3. cxd5 cxd5 4. Nc3 Nf6 5. Bf4 Nc6 6. e3 Bf5 7. Nf3 e6 8. Bb5 Bb4 9. O-O O-O 10. Bxc6 Bxc3 11. Bxb7 Bxb2 12. Bxa8 Qxa8 13. Qd2 Bxa1 14. Rxa1 Rc8 15. Rc1 h6 16. h3 Nd7 17. Rxc8+ Qxc8 18. Qa5 a6 19. Qc7 Qxc7 20. Bxc7 Bd3 21. Ne5 Nxe5 22. Bxe5 1/2-1/2

[Event "BL 2324 Hamburger SK - Schachfreunde Dei"]
[Site "?"]
[Date "2023.12.03"]
[Round "4.4"]
[White "Kempinski, Robert"]
[Black "Gupta, Abhijeet"]
[Result "0-1"]
[WhiteElo "2555"]
[BlackElo "2596"]
[PlyCount "74"]
[EventDate "2023.??.??"]

1. d4 Nf6 2. Nf3 g6 3. c4 Bg7 4. Nc3 d6 5. g3 O-O 6. Bg2 Nbd7 7. O-O e5 8. h3 Re8 9. dxe5 dxe5 10. Be3 c6 11. Qd2 Qe7 12. Rfd1 Nc5 13. Qd6 Qxd6 14. Rxd6 Nce4 15. Nxe4 Nxe4 16. Rdd1 f5 17. Ne1 f4 18. Bxe4 fxe3 19. f3 Bxh3 20. g4 Red8 21. Nc2 Rd2 22. Kh2 Rad8 23. Nxe3 Bh6 24. Bd5+ cxd5 25. Rxd2 d4 26. Kxh3 Bxe3 27. Rc2 Kf7 28. a4 h5 29. c5 hxg4+ 30. Kxg4 Rh8 31. c6 bxc6 32. Rxc6 Rh2 33. Rc7+ Kf6 34. Rc6+ Kg7 35. Rc7+ Kh6 36. Rxa7 Bf2 37. f4 e4 0-1

[Event "BL 2324 Hamburger SK - Schachfreunde Dei"]
[Site "?"]
[Date "2023.12.03"]
[Round "4.5"]
[White "Dautov, Rustem"]
[Black "Engel, Luis"]
[Result "1/2-1/2"]
[WhiteElo "2582"]
[BlackElo "2554"]
[PlyCount "67"]
[EventDate "2023.??.??"]

1. d4 Nf6 2. c4 e6 3. Nf3 d5 4. Nc3 Bb4 5. Bg5 h6 6. Bxf6 Qxf6 7. Qa4+ Nc6 8. e3 O-O 9. Be2 dxc4 10. O-O Bd7 11. Bxc4 Bxc3 12. bxc3 Rfd8 13. Be2 Be8 14. Qa3 Qe7 15. Qb2 b6 16. c4 Qb4 17. Qc1 Rac8 18. Rb1 Qa4 19. c5 bxc5 20. Qxc5 Qxa2 21. Bc4 Qa5 22. Rb5 Qc3 23. Be2 Qxc5 24. Rxc5 Rd5 25. Rc3 a5 26. Ra1 Ra8 27. Bc4 Rd6 28. Bb5 Rb8 29. Bf1 Kf8 30. h4 Ke7 31. Rca3 Rd5 32. Bc4 Rdd8 33. Bb3 Ra8 34. Ba4 1/2-1/2

[Event "BL 2324 Hamburger SK - Schachfreunde Dei"]
[Site "?"]
[Date "2023.12.03"]
[Round "4.6"]
[White "Papp, Gabor"]
[Black "Heimann, Andreas"]
[Result "1/2-1/2"]
[WhiteElo "2544"]
[BlackElo "2551"]
[PlyCount "49"]
[EventDate "2023.??.??"]

1. e4 e5 2. Nf3 Nc6 3. d4 exd4 4. Bc4 Bc5 5. Ng5 Nh6 6. Nxf7 Nxf7 7. Bxf7+ Kxf7 8. Qh5+ g6 9. Qxc5 d5 10. O-O dxe4 11. c3 Qd6 12. Qxd6 cxd6 13. cxd4 Nxd4 14. Nc3 Bg4 15. Nxe4 Nc2 16. Nxd6+ Ke6 17. Bf4 Rhf8 18. Bg3 Nxa1 19. Rxa1 b6 20. f3 Bf5 21. Re1+ Kd7 22. Rd1 Ke6 23. Re1+ Kd7 24. Rd1 Ke6 25. Re1+ 1/2-1/2

[Event "BL 2324 Hamburger SK - Schachfreunde Dei"]
[Site "?"]
[Date "2023.12.03"]
[Round "4.7"]
[White "Graf, Alexander"]
[Black "Ftacnik, Lubomir"]
[Result "1-0"]
[WhiteElo "2523"]
[BlackElo "2450"]
[PlyCount "121"]
[EventDate "2023.??.??"]

1. Nf3 Nf6 2. c4 c5 3. e3 e6 4. d4 d5 5. a3 Nc6 6. dxc5 Bxc5 7. b4 Bd6 8. Bb2 O-O 9. Nbd2 b6 10. Be2 Bb7 11. O-O Qe7 12. Qb3 Rad8 13. Rac1 Bb8 14. Rc2 Ne4 15. cxd5 exd5 16. Rfc1 Nxd2 17. Rxd2 Ne5 18. Nxe5 Bxe5 19. Bf3 Bxb2 20. Qxb2 Rd6 21. Rd4 Rfd8 22. Qd2 g6 23. h3 Bc6 24. Qd3 Qd7 25. Bg4 Bb5 26. Qd2 Qe7 27. Be2 Bxe2 28. Qxe2 Qd7 29. Qd2 Qa4 30. Qd3 Rc6 31. Rxc6 Qxc6 32. g4 Rd7 33. b5 Qc1+ 34. Kg2 Qb2 35. a4 Rc7 36. Rxd5 Rc2 37. Rd8+ Kg7 38. Qd4+ Qxd4 39. Rxd4 Ra2 40. g5 h6 41. h4 hxg5 42. hxg5 Kf8 43. Re4 Rc2 44. Kg3 Rc5 45. f4 a6 46. bxa6 Ra5 47. Kf3 Rxa6 48. Ke2 Ra5 49. Rb4 Ke7 50. Kd3 Kd7 51. Kc3 Ra8 52. Rd4+ Kc6 53. Re4 Kd6 54. Kb4 Ra5 55. Re8 Ra7 56. Rd8+ Kc7 57. Rd4 Ra5 58. e4 Ra8 59. e5 Re8 60. Rd6 Re6 61. Kb5 1-0

[Event "BL 2324 Hamburger SK - Schachfreunde Dei"]
[Site "?"]
[Date "2023.12.03"]
[Round "4.8"]
[White "Heinemann, Thies"]
[Black "Krasenkow, Michal"]
[Result "1/2-1/2"]
[WhiteElo "2427"]
[BlackElo "2532"]
[PlyCount "127"]
[EventDate "2023.??.??"]

1. e4 g6 2. d4 Bg7 3. Nf3 d6 4. c3 Nf6 5. Bd3 O-O 6. O-O Bg4 7. Nbd2 Nc6 8. h3 Bxf3 9. Nxf3 Nd7 10. Re1 e5 11. dxe5 Ndxe5 12. Bf4 Nxd3 13. Qxd3 Re8 14. Rad1 Qf6 15. Bg3 Qe6 16. Qd5 a5 17. a4 Qxd5 18. exd5 Ne7 19. Bf4 Kf8 20. g4 Ng8 21. Be3 Nf6 22. c4 Ne4 23. b3 Bc3 24. Re2 Nc5 25. Kf1 Bb4 26. Bxc5 Bxc5 27. Rxe8+ Rxe8 28. Re1 Rc8 29. Ng5 h6 30. Ne4 Bb4 31. Re3 c6 32. Rd3 Re8 33. f3 Ke7 34. Ng3 Kd7 35. Ne4 Kc7 36. Nf6 Re1+ 37. Kf2 Rc1 38. f4 Bc5+ 39. Kg2 b5 40. axb5 cxb5 41. cxb5 Kb6 42. Nd7+ Kxb5 43. Nb8 Ra1 44. Nc6 a4 45. bxa4+ Kc4 46. Rd2 Rxa4 47. Rd1 Ra2+ 48. Kf3 Ra3+ 49. Kg2 Re3 50. Nd8 Re7 51. f5 Bb6 52. Nc6 Re2+ 53. Kg3 Re3+ 54. Kg2 gxf5 55. gxf5 h5 56. Rb1 Bc5 57. f6 h4 58. Rf1 Rg3+ 59. Kh2 Kxd5 60. Nd8 Rg6 61. Nxf7 Bd4 62. Nh8 Rxf6 63. Rxf6 Bxf6 64. Nf7 {Ke5} 1/2-1/2

[Event "BL 2324 SG Solingen - SK Kirchweyhe"]
[Site "?"]
[Date "2023.12.03"]
[Round "4.1"]
[White "Kadric, Denis"]
[Black "Harikrishna, Pentala"]
[Result "1/2-1/2"]
[WhiteElo "2587"]
[BlackElo "2696"]
[PlyCount "46"]
[EventDate "2023.??.??"]

1. e4 e5 2. Nf3 Nc6 3. Nc3 Nf6 4. d4 exd4 5. Nxd4 Bb4 6. Nxc6 bxc6 7. Bd3 d5 8. exd5 O-O 9. O-O cxd5 10. Bg5 c6 11. Qf3 Bd6 12. Rae1 Rb8 13. Nd1 h6 14. Bxf6 Qxf6 15. Qxf6 gxf6 16. b3 Bd7 17. Ne3 Rfe8 18. Nf5 Bxf5 19. Bxf5 Re5 20. Bd3 Bb4 21. Rd1 Rbe8 22. g3 a5 23. a4 Re1 1/2-1/2

[Event "BL 2324 SG Solingen - SK Kirchweyhe"]
[Site "?"]
[Date "2023.12.03"]
[Round "4.2"]
[White "Warmerdam, Max"]
[Black "Brkic, Ante"]
[Result "1/2-1/2"]
[WhiteElo "2618"]
[BlackElo "2637"]
[PlyCount "48"]
[EventDate "2023.??.??"]

1. Nf3 d5 2. c4 e6 3. g3 dxc4 4. Bg2 Nd7 5. Qa4 a6 6. Qxc4 b5 7. Qh4 Be7 8. Qe4 Rb8 9. Nd4 Ngf6 10. Qc2 Ne5 11. Nb3 c5 12. Nxc5 h5 13. b4 h4 14. O-O Nd5 15. a3 hxg3 16. hxg3 Bxc5 17. bxc5 Qg5 18. d4 Qh5 19. f3 Qh2+ 20. Kf2 Rh3 21. dxe5 Qxg3+ 22. Kg1 Qh2+ 23. Kf2 Qg3+ 24. Kg1 Qh2+ 1/2-1/2

[Event "BL 2324 SG Solingen - SK Kirchweyhe"]
[Site "?"]
[Date "2023.12.03"]
[Round "4.3"]
[White "Predojevic, Borki"]
[Black "Ragger, Markus"]
[Result "1/2-1/2"]
[WhiteElo "2557"]
[BlackElo "2601"]
[PlyCount "47"]
[EventDate "2023.??.??"]

1. d4 d5 2. c4 c6 3. Nf3 Nf6 4. Nc3 dxc4 5. a4 e6 6. e3 c5 7. Bxc4 Nc6 8. O-O cxd4 9. exd4 Be7 10. Qe2 O-O 11. Rd1 Nb4 12. Bg5 h6 13. Bxf6 Bxf6 14. Ne4 b6 15. Ne5 Bb7 16. Nxf6+ Qxf6 17. Nd7 Qg6 18. d5 Rfe8 19. Ne5 Qg5 20. Nf3 Qg6 21. Ne5 Qg5 22. Nf3 Qg6 23. Ne5 Qg5 24. Nf3 1/2-1/2

[Event "BL 2324 SG Solingen - SK Kirchweyhe"]
[Site "?"]
[Date "2023.12.03"]
[Round "4.4"]
[White "Andersen, Mads"]
[Black "Markus, Robert"]
[Result "1/2-1/2"]
[WhiteElo "2618"]
[BlackElo "2591"]
[PlyCount "166"]
[EventDate "2023.??.??"]

1. e4 e5 2. Nf3 Nf6 3. Nxe5 d6 4. Nf3 Nxe4 5. d4 d5 6. Bd3 Nd6 7. O-O Be7 8. Bf4 O-O 9. Nbd2 Nd7 10. Re1 Re8 11. c3 Nf8 12. Qb3 c6 13. h3 Be6 14. Re3 Qd7 15. Rae1 Ne4 16. Qc2 Nxd2 17. Qxd2 Bd6 18. Bxd6 Qxd6 19. Nh4 g6 20. Nf3 f6 21. h4 Bf7 22. Nh2 Rxe3 23. Rxe3 Re8 24. Rxe8 Bxe8 25. g3 Bd7 26. Nf1 Ne6 27. Ne3 Nd8 28. h5 Kg7 29. Qc2 f5 30. Ng2 Nf7 31. Nh4 Ng5 32. Kg2 Nf7 33. Qd2 Kf6 34. hxg6 hxg6 35. f4 Kg7 36. Nf3 Qe7 37. b4 Kf8 38. Qf2 Kg7 39. Qd2 Kf8 40. a3 Kg7 41. Ne5 Nxe5 42. dxe5 Be6 43. Be2 Qc7 44. Bf3 Kf8 45. Qd1 Kg7 46. Qh1 Qd8 47. Qg1 b6 48. Qd4 Qe7 49. Qd2 Qd7 50. Qd4 Qe7 51. Qd1 Qd7 52. Qa4 Kf8 53. Kf1 Ke8 54. c4 Kf8 55. cxd5 Bxd5 56. Qd1 Qf7 57. Bxd5 cxd5 58. Ke2 g5 59. Ke3 gxf4+ 60. gxf4 Qg8 61. Qh1 Qg3+ 62. Kd4 Qxf4+ 63. Kxd5 Qd2+ 64. Ke6 Qa2+ 65. Kxf5 Qf7+ 66. Kg5 Qg7+ 67. Kf4 Qf7+ 68. Kg5 Qg7+ 69. Kf4 Qf7+ 70. Ke3 Qb3+ 71. Kd4 Qxa3 72. Qh6+ Ke7 73. Qd6+ Ke8 74. Qe6+ Kd8 75. Qd6+ Ke8 76. e6 Qa4 77. Kc3 a5 78. Qb8+ Ke7 79. Qc7+ Kxe6 80. Qxb6+ Kd7 81. Qd4+ Kc8 82. Qc5+ Kb7 83. bxa5 Qc6 1/2-1/2

[Event "BL 2324 SG Solingen - SK Kirchweyhe"]
[Site "?"]
[Date "2023.12.03"]
[Round "4.5"]
[White "Jovanovic, Zoran"]
[Black "Van Wely, Loek"]
[Result "1-0"]
[WhiteElo "2515"]
[BlackElo "2625"]
[PlyCount "97"]
[EventDate "2023.??.??"]

1. e4 c5 2. Nf3 Nc6 3. Bb5 g6 4. O-O Bg7 5. c3 Nf6 6. Re1 O-O 7. h3 e5 8. d3 d6 9. Nbd2 Ne8 10. a3 Nc7 11. Bxc6 bxc6 12. b4 Ne6 13. Nb3 cxb4 14. axb4 f5 15. Na5 Qc7 16. Qa4 Bd7 17. Qa2 Kh8 18. Ng5 Nd8 19. Nc4 h6 20. Nf3 Be6 21. Qe2 Nf7 22. Nh4 Kh7 23. exf5 gxf5 24. f4 Qe7 25. Qh5 Qf6 26. Be3 Rae8 27. fxe5 dxe5 28. Bc5 e4 29. Ne3 f4 30. Bxf8 Rxf8 31. Nef5 f3 32. dxe4 fxg2 33. Rxa7 Rg8 34. Re3 Bh8 35. Rg3 Rxg3 36. Nxg3 Kg8 37. Qg6+ Qxg6 38. Nxg6 Bxc3 39. Kxg2 Bxb4 40. Nf5 Bxf5 41. exf5 Bd6 42. Rd7 c5 43. Kf1 c4 44. Ke2 c3 45. Kd3 Be5 46. Rxf7 Kxf7 47. Nxe5+ Kf6 48. Ke4 c2 49. Nd3 1-0

[Event "BL 2324 SG Solingen - SK Kirchweyhe"]
[Site "?"]
[Date "2023.12.03"]
[Round "4.6"]
[White "Smeets, Jan"]
[Black "Kovacevic, Aleksandar"]
[Result "1/2-1/2"]
[WhiteElo "2537"]
[BlackElo "2452"]
[PlyCount "85"]
[EventDate "2023.??.??"]

1. e4 c5 2. Nf3 e6 3. d4 cxd4 4. Nxd4 Nc6 5. Nc3 Qc7 6. g3 a6 7. Bg2 Nf6 8. O-O Bc5 9. Nb3 Ba7 10. a4 d6 11. Qe2 O-O 12. Rd1 h6 13. a5 e5 14. Be3 Bg4 15. Bf3 Bxe3 16. Qxe3 Be6 17. Nd5 Bxd5 18. exd5 Ne7 19. Qd3 Rfc8 20. Rdc1 Qc4 21. Qxc4 Rxc4 22. Be2 Rc7 23. c4 Nd7 24. Kf1 Rb8 25. Ke1 b6 26. Rc3 Nc5 27. axb6 Rxb6 28. Nxc5 Rxc5 29. Rca3 Rxb2 30. Rxa6 Nf5 31. Bd3 g6 32. Rc6 Nd4 33. Rxc5 dxc5 34. d6 Rb8 35. Be4 Rd8 36. Ra6 Kg7 37. g4 f5 38. gxf5 Nxf5 39. Bxf5 gxf5 40. Ke2 Kf7 41. Rc6 Ke6 42. d7+ Kxd7 43. Rxh6 1/2-1/2